000 00921nam a2200265 i 4500
001 170175
003 ES-MaACL
005 20251006165627.0
008 090209s1990 sp |||| | spa d
017 _aB 22.773-1990
020 _a84-252-1430-0
080 _a7.035/.036(460.23)
100 1 _aLacuesta, Raquel.
_969421
245 1 0 _aArquitectura modernista en Cataluña /
_cR. Lacuesta, A.González.
260 _aBarcelona :
_bGustavo Gili,
_c1990.
300 _a213 p., [3] h. de planos y mapa pleg. :
_bil., fot., planos ;
_c23 cm.
490 1 _aGuías de arquitectura
500 _aÍndices.
504 _aBibliografía.
650 4 _aArquitectura modernista-
_zCataluña.
_9139391
700 1 _aGonzález i Moreno-Navarro, Antoni
_958288
830 0 _aGuías de arquitectura
_9222982
852 4 _aES-MaACL
_jE-12434
_9R.140616
_z. - Biblioteca Jacinto Martínez Lacalle
999 _c170175
_d170175